00397nam a2200157Ia 45000010006000000050017000060080041000230410008000640820016000721000042000882450056001302600009001863000028001956500008002236540008002311803020260306171600.0260306s9999||||xx |||||||||||||| ||und|| aESP a658.32bG71 aGonzález Ariza, Ángel LeóneAUT 0aMétodos de compensación basados en competencias c2013 a348 páginas :c24 cm. aGEN aCAN